Statistics for Hottest Capitals A-Z

Click here to take the quiz!

General Stats

  • This quiz has been taken 227 times
    (213 since last reset)
  • The average score is 9 of 24

Answer Stats

LetterAnswer% Correct
KKhartoum
63%
AAbu Dhabi
62%
QQuito
61%
IIslamabad
61%
TTripoli
51%
BBamako
51%
JJuba
50%
OOuagadougou
47%
ZZagreb
47%
DDjibouti
47%
WWindhoek
39%
PPanama City
38%
UUlaanbaatar
37%
YYamoussoukro
37%
VVientiane
34%
CConakry
33%
GGeorgetown
31%
LLibreville
29%
MManagua
28%
HHoniara
23%
FFunafuti
22%
RRoseau
16%
NNaypyidaw
16%
SSri Jayawardenepura Kotte
3%

Score Distribution

Percentile by Number Answered

Percent of People with Each Score

Your Score History

You have not taken this quiz since the last reset